LEADER 00987nam 2200253la 450 001 9910482631303321 005 20221102161804.0 035 $a(UK-CbPIL)2090363208 035 $a(CKB)5500000000092861 035 $a(EXLCZ)995500000000092861 100 $a20221102d1633 uy | 101 0 $afre 135 $aurcn||||a|bb| 200 03$aLe vray moyen de conserver la vie et sante?, ensemble l'integrite? des sens, entendement et memoire, iusques a? l'extreme vieillesse / [Leonardus Lessius] 210 $aCambrai $cJosse Laurent$d1633 215 $aOnline resource ([8], 117 p. , (8vo)) 300 $aReproduction of original in The Wellcome Library, London. 701 $aCornaro$b Luigi$f1475?-1566.$0542683 801 0$bUk-CbPIL 801 1$bUk-CbPIL 906 $aBOOK 912 $a9910482631303321 996 $aLe vray moyen de conserver la vie et sante?, ensemble l'integrite? des sens, entendement et memoire, iusques a? l'extreme vieillesse$94536578 997 $aUNINA